000
00264nam a2200097Ia 4500
001
658508
005
20250826154636.0
008
250824s9999 xx 000 0 und d
245
0
_a
SİHİRLİ KRALLIK EJDERHA YUVASI 9
_c
ROSİE BANKS
260
_b
DOĞAN EGMONT YAYINLARI
999
_c
658508
_d
658508